<?xml version="1.0" encoding="UTF-8"?>
<record
    xmlns:xsi="http://www.w3.org/2001/XMLSchema-instance"
    xsi:schemaLocation="http://www.loc.gov/MARC21/slim http://www.loc.gov/standards/marcxml/schema/MARC21slim.xsd"
    xmlns="http://www.loc.gov/MARC21/slim">

  <leader>02806nam a2200349 i 4500</leader>
  <controlfield tag="003">DO-SdBNP</controlfield>
  <controlfield tag="005">20250717151158.0</controlfield>
  <controlfield tag="007">ta</controlfield>
  <controlfield tag="008">250717d2025    pr            000 f spa d</controlfield>
  <datafield tag="020" ind1=" " ind2=" ">
    <subfield code="a">9789945637670</subfield>
  </datafield>
  <datafield tag="040" ind1=" " ind2=" ">
    <subfield code="a">DO-SdBNP</subfield>
    <subfield code="b">spa</subfield>
    <subfield code="c">BNPHU</subfield>
    <subfield code="e">rda</subfield>
  </datafield>
  <datafield tag="041" ind1=" " ind2=" ">
    <subfield code="a">spa</subfield>
  </datafield>
  <datafield tag="082" ind1=" " ind2="4">
    <subfield code="a">RD863.44</subfield>
    <subfield code="b">C352in 2025</subfield>
    <subfield code="2">22</subfield>
  </datafield>
  <datafield tag="100" ind1="1" ind2=" ">
    <subfield code="a">Castillo, Efra&#xED;m,</subfield>
    <subfield code="d">1940-</subfield>
    <subfield code="9">28022</subfield>
    <subfield code="e">autor</subfield>
    <subfield code="4">aut.</subfield>
  </datafield>
  <datafield tag="245" ind1="1" ind2="0">
    <subfield code="a">Inti huaman &#xF3; Eva Again :</subfield>
    <subfield code="b">[edici&#xF3;n biling&#xFC;e] /</subfield>
    <subfield code="c">Efraim Castillo ; traducci&#xF3;n, Pedro A. Garc&#xED;a D&#xED;az</subfield>
  </datafield>
  <datafield tag="250" ind1=" " ind2=" ">
    <subfield code="a">Tercera edici&#xF3;n</subfield>
  </datafield>
  <datafield tag="260" ind1=" " ind2=" ">
    <subfield code="a">Santo Domingo :</subfield>
    <subfield code="b">Taller,</subfield>
    <subfield code="c">1983.</subfield>
  </datafield>
  <datafield tag="264" ind1=" " ind2=" ">
    <subfield code="a">San Juan, Puerto Rico :</subfield>
    <subfield code="b">Editorial Isla Negra, </subfield>
    <subfield code="b">Editora B&#xFA;ho,</subfield>
    <subfield code="c">2025.</subfield>
  </datafield>
  <datafield tag="300" ind1=" " ind2=" ">
    <subfield code="a">235 p&#xE1;ginas ;</subfield>
    <subfield code="c">22 cm.</subfield>
  </datafield>
  <datafield tag="336" ind1=" " ind2=" ">
    <subfield code="a">texto</subfield>
    <subfield code="b">txt</subfield>
    <subfield code="2">rdacontent</subfield>
  </datafield>
  <datafield tag="337" ind1=" " ind2=" ">
    <subfield code="a">sin mediaci&#xF3;n</subfield>
    <subfield code="b">n</subfield>
    <subfield code="2">rdamedia</subfield>
  </datafield>
  <datafield tag="338" ind1=" " ind2=" ">
    <subfield code="a">volumen</subfield>
    <subfield code="b">nc</subfield>
    <subfield code="2">rdacarrier</subfield>
  </datafield>
  <datafield tag="490" ind1="0" ind2=" ">
    <subfield code="a">La monta&#xF1;a de papel</subfield>
  </datafield>
  <datafield tag="500" ind1=" " ind2=" ">
    <subfield code="a">Incluye datos biogr&#xE1;ficos del autor en la solapa de la cubierta. </subfield>
  </datafield>
  <datafield tag="520" ind1=" " ind2=" ">
    <subfield code="a">La primera versi&#xF3;n de la novela corta Inti Huam&#xE1;n o Eva Again es de 1969 (sometida a un certamen como cuento), en 1983 Editora Taller publica una primera edici&#xF3;n y en 2019 &#xDA;ltimos Monstruos Editores publica una segunda. Esta edici&#xF3;n de 2024, precedida de un enjundioso estudio de la Dra. Mar&#xED;a Jos&#xE9; Guti&#xE9;rrez Barajas, cr&#xED;tica cultural y profesora Yale University, es la tercera edici&#xF3;n y la primera biling&#xFC;e (espa&#xF1;ol-ingl&#xE9;s) de lo que constituye la primera novela de ciencia ficci&#xF3;n de la literatura dominicana. En cada edici&#xF3;n del texto, su autor ha introducido cambios que enriquecen los ritmos de sentidos internos de esta poderosa novela de ciencia ficci&#xF3;n.
&#x2013;Dr. Eugenio Garc&#xED;a Cuevas
Universidad de Puerto Rico en Bayam&#xF3;n

Efraim Castillo cuestiona la capacidad del estado para decidir qui&#xE9;n tiene y qui&#xE9;n no el derecho a reproducirse [&#x2026;] Inti Huam&#xE1;n asume una serie de caracter&#xED;sticas como son su fetichizaci&#xF3;n, su capacidad de concebir en una especie de para&#xED;so natural al que no ha llegado la tecnolog&#xED;a, su cuerpo f&#xE9;rtil pero carente de voz o voluntad, que la colocan entre dos figuras b&#xED;blicas, Eva y la virgen Mar&#xED;a. Inti Huam&#xE1;n, como ellas, es tambi&#xE9;n la madre de una nueva civilizaci&#xF3;n [&#x2026;] El autor trasciende no solamente los l&#xED;mites temporales y su ordenaci&#xF3;n l&#xF3;gica, sino tambi&#xE9;n los l&#xED;mites insulares [&#x2026;] ampl&#xED;a su &#xF3;ptica para ubicar su pa&#xED;s y su realidad en un contexto m&#xE1;s amplio, el de Am&#xE9;rica Latina, y situar el continente en un escenario global.
&#x2013;Dra. Mar&#xED;a Jos&#xE9; Guti&#xE9;rrez Barajas
Yale University</subfield>
  </datafield>
  <datafield tag="590" ind1=" " ind2=" ">
    <subfield code="a">Inventariado, 2025/ YL</subfield>
  </datafield>
  <datafield tag="650" ind1=" " ind2="4">
    <subfield code="a">Novela dominicana</subfield>
    <subfield code="9">223</subfield>
  </datafield>
  <datafield tag="650" ind1=" " ind2="4">
    <subfield code="a">Literatura dominicana.</subfield>
    <subfield code="9">67</subfield>
  </datafield>
  <datafield tag="700" ind1="1" ind2=" ">
    <subfield code="a">Garc&#xED;a D&#xED;az, Pedro A.</subfield>
    <subfield code="e">traductor</subfield>
    <subfield code="4">tr.</subfield>
    <subfield code="9">88377</subfield>
  </datafield>
  <datafield tag="910" ind1=" " ind2=" ">
    <subfield code="a">YLockward/Validado. Control de calidad MFF</subfield>
  </datafield>
  <datafield tag="942" ind1=" " ind2=" ">
    <subfield code="2">ddc</subfield>
    <subfield code="c">LBS1</subfield>
  </datafield>
  <datafield tag="952" ind1=" " ind2=" ">
    <subfield code="0">0</subfield>
    <subfield code="1">0</subfield>
    <subfield code="2">ddc</subfield>
    <subfield code="5">1</subfield>
    <subfield code="7">0</subfield>
    <subfield code="8">PD</subfield>
    <subfield code="a">BNPHU</subfield>
    <subfield code="b">BNPHU</subfield>
    <subfield code="c">HD</subfield>
    <subfield code="d">2025-05-23</subfield>
    <subfield code="e">Dep&#xF3;sito Legal editora B&#xFA;ho</subfield>
    <subfield code="l">0</subfield>
    <subfield code="o">BNPHU PD RD863.44 C352in 2025</subfield>
    <subfield code="p">2025-6648</subfield>
    <subfield code="r">2025-07-17</subfield>
    <subfield code="w">2025-07-17</subfield>
    <subfield code="y">LBS1</subfield>
  </datafield>
  <datafield tag="952" ind1=" " ind2=" ">
    <subfield code="0">0</subfield>
    <subfield code="1">0</subfield>
    <subfield code="2">ddc</subfield>
    <subfield code="5">1</subfield>
    <subfield code="7">0</subfield>
    <subfield code="8">PD</subfield>
    <subfield code="a">BNPHU</subfield>
    <subfield code="b">BNPHU</subfield>
    <subfield code="c">HD</subfield>
    <subfield code="d">2025-05-23</subfield>
    <subfield code="e">Dep&#xF3;sito Legal editora B&#xFA;ho</subfield>
    <subfield code="l">0</subfield>
    <subfield code="o">BNPHU PD RD863.44 C352in 2025</subfield>
    <subfield code="p">2025-6649</subfield>
    <subfield code="r">2025-07-17</subfield>
    <subfield code="t">e.2</subfield>
    <subfield code="w">2025-07-17</subfield>
    <subfield code="y">LBS1</subfield>
  </datafield>
  <datafield tag="999" ind1=" " ind2=" ">
    <subfield code="c">59567</subfield>
    <subfield code="d">59567</subfield>
  </datafield>
</record>
